LEADER 00965cam2 22002531 450 001 SOBE00067328 005 20210721074211.0 100 $a20210721d1970 |||||ita|0103 ba 101 $aita 102 $aIT 200 0 $a1$fGiuseppe Porcaro 210 $aNapoli$aRoma$cBenincasa$dstampa 1970 215 $a212 p., [9] c. di tav.$cill.$d26 cm 461 1$1001SOBE00067326$12001 $aTaverne e locande della vecchia Napoli / Giuseppe Porcaro 700 1$aPorcaro$b, Giuseppe$3SOBA00021616$4070$037146 801 0$aIT$bUNISOB$c20210721$gRICA 850 $aUNISOB 852 $aUNISOB$jFondo|de|Maio|R$m174945 912 $aSOBE00067328 940 $aM 102 Monografia moderna SBN 941 $aW 957 $aFondo|de|Maio|R$b000036$i-1$gSI$d174945$n20210519$hDeMaioR$rdono$1bethb$2UNISOB$3UNISOB$420210721073931.0$520210721074103.0$6bethb$fEsempl. num. 749. Per le modalità di consultazione vedi homepage Biblioteca link Fondi 996 $a1$91829876 997 $aUNISOB LEADER 02123nas 2200685- 450 001 9910143879203321 005 20241130213016.0 011 $a1995-4263 035 $a(DE-599)ZDB2424032-1 035 $a(OCoLC)316064777 035 $a(CKB)1000000000365610 035 $a(CONSER)--2009242083 035 $a(EXLCZ)991000000000365610 100 $a20090317a20089999 --- a 101 0 $aeng 135 $aur||||||||||| 181 $ctxt$2rdacontent 182 $cc$2rdamedia 183 $acr$2rdacarrier 200 00$aContemporary problems of ecology 210 1$aDordrecht :$cSP MAIK Nauka/Interperiodica,$d2008- 210 31$aBerlin$cSpringer Link 215 $a1 online resource 300 $aRefereed/Peer-reviewed 311 08$a1995-4255 531 $aCONTEMP PROBL ECOL 531 $aCONTEMP PROBL ECOL+ 531 $aCONTEMP. PROBL. ECOL 531 0 $aContemp. probl. ecol. 606 $aEcology$zRussia (Federation)$zSiberia$vPeriodicals 606 $aNatural history$zRussia (Federation)$zSiberia$vPeriodicals 606 $aPollution$zRussia (Federation)$zSiberia$vPeriodicals 606 $aPollution$2fast$3(OCoLC)fst01070069 606 $aEcology$2fast$3(OCoLC)fst00901476 606 $aNatural history$2fast$3(OCoLC)fst01034268 606 $aEcology$2galestne 606 $aEnvironmental issues$2galestne 606 $aEcologia$2thub 606 $aBiologia de la conservació$2thub 606 $aContaminació$2thub 607 $aRussia (Federation)$zSiberia$2fast 607 $aRússia$2thub 608 $aPeriodicals.$2fast 608 $aPeriodicals.$2lcgft 608 $aRevistes electròniques.$2thub 615 0$aEcology 615 0$aNatural history 615 0$aPollution 615 7$aPollution. 615 7$aEcology. 615 7$aNatural history. 615 7$aEcology. 615 7$aEnvironmental issues. 615 7$aEcologia. 615 7$aBiologia de la conservació. 615 7$aContaminació. 906 $aJOURNAL 912 $a9910143879203321 996 $aContemporary problems of ecology$91940887 997 $aUNINA